000 01684nam a2200433 c 4500
001 12060
003 ES-MaCES
005 20190510111848.0
008 010508s2001 sp t o000 | spa d
017 _aM 10172-2000
_bDL
020 _a8478509860
024 7 _a201-00-022-2
_2nipo
035 _aCES20010005960m
040 _aES-MaCES
_bspa
_cES-MaCES
041 1 _aspa
_hfre
100 1 _aCappelaere, Geert
_98934
245 1 0 _aNiños privados de libertad
_b: derechos y realidades
_cGeert Cappelaere, Anne Grandjean ; [versión española, Jean François Servais y Victoria Landa en colaboración con el Gabinete de Traductores Voluntarios de UNICEF-Comité Español]
260 _aMadrid
_bMinisterio de Trabajo y Asuntos Sociales, Subdirección General de Publicaciones
_c[2000]
300 _a519 p.
_c24 cm
500 _aTraducción de: Enfants privés de liberté, detroits et realités
504 _aBibliografía: p.457-468
541 _cGratuito
650 4 _ainfancia
_928518
650 4 _aderechos del niño
_929912
650 4 _aadministración de justicia
_927204
650 4 _adelincuencia juvenil
_927049
650 4 _arégimen penitenciario
_931048
650 4 _aprotección de menores
_930974
653 1 0 _aAsuntos Sociales
700 1 _aGrandjean, Anne
_914038
700 1 _aServais, Jean-François
_etr.
_923940
700 1 _aLanda, Victoria
_etr.
_916154
710 2 _aUNICEF-España
_ecol.
_95075
710 2 _aEspaña
_bMinisterio de Trabajo y Asuntos Sociales
_eed.
_93273
740 0 2 _aEnfants privés de liberté. Detroits et realités
902 _aLIB Libro
942 _2CES
_cBK
_h3.3.
999 _c12060
_d12060